000 01068nam a2200289 i 4500
001 186397
003 ES-MaACL
005 20230906222649.0
008 161107s1987 xxk |||| | lat d
020 _a0-19-814630-2
080 _a821.124-14"00"
100 1 _aPropercio, Sexto Aurelio.
_994031
245 1 0 _aSexti Properti Carmina /
_crecognovit brevique adnotatione critica instruxit E.A. Barber.
246 3 8 _aCarmina
250 _aEd. altera, 8th imp.
260 _aOxonii :
_bE Typographeo Clarendoniano ;
_aOxford :
_bOxford University Press,
_c1987.
300 _aVIII, 180 p. ;
_c19 cm.
490 1 _aScriptorum classicorum bibliotheca Oxoniensis Oxford classical texts
490 1 _aOxford classical texts
500 _aÍndice.
546 _aTexto en latín.
700 1 _aBarber, E. A.
_9161175
830 0 _aScriptorum classicorum bibliotheca Oxoniensis Oxford classical texts
_9225410
830 0 _aOxford classical texts
_9192539
852 _aES-MaACL
_jL-30760
_z- enc. cart.
_z. - Donat. Miguel A. Velasco
999 _c186397
_d186397